| 000 | 00531pam a2200181 a 4500 | ||
|---|---|---|---|
| 001 | 581254 | ||
| 005 | 20250109120323.0 | ||
| 008 | 900125s1990 nyu b 001 0 eng | ||
| 020 | _a0883446596 | ||
| 050 | 0 | 0 |
_aHX51 _b.D67 1990 |
| 082 | 0 | 0 |
_a335/.7 _220 |
| 100 | 1 | _aDorrien, Gary J. | |
| 245 | 1 | 0 |
_aReconstructing the common good : _btheology and the social order / _cGary J. Dorrien. |
| 260 |
_aMaryknoll, N.Y. : _bOrbis Books, _cc1990. |
||
| 300 |
_avii, 222 p. ; _c25 cm. |
||
| 650 | 0 | _aChristian socialism. | |
| 942 |
_2ddc _cBK _n0 |
||
| 999 |
_c2493 _d2493 |
||